Drake Maye Quiz - Statistics

General Stats
  • This quiz has been taken 48 times
  • The average score is 12 of 15
Answer Stats
Question Answer % Correct
What NFL team does he play for? New England Patriots
100%
What college did he went to? University of North Carolina
100%
When did he move to the NFL 2024
97%
Who did he beat in the 2025 AFC Championship round? Denver Broncos
97%
What is his viral online nickname? Drake "Drake Maye" Maye
94%
Who did he beat in the 2025 AFC Divisional round? Houston Texans
94%
What NFL team did he support as a child? Carolina Panthers
90%
Who did he beat in the 2025 AFC Wild Card round? Los Angeles Chargers
87%
What number overall pick was he in the 2024 NFL draft? 3rd
84%
What is his viral fanpage name? Drake Maye Lover
84%
Where is his birthplace? Huntersville, North Carolina
84%
What record did he get for his team in his 2nd season? 14-3
71%
In his 1st NFL season, what record did he get for his team? 4-13
65%
What is his birthdate? August 30, 2002
42%
What award did het get in college in 2022? ACC Player of the Year
32%
No matching quizzes found
Score Distribution
Percent of People with Each Score
Percentile by Number Answered
Your Score History
You have not taken this quiz